| 000 | 00405nam a2200121 4500 | ||
|---|---|---|---|
| 245 |
_aConstitutional history of England : a course of lectures _cF.W. Maitland |
||
| 100 | _aMaitland, F.W. | ||
| 260 |
_aCambridge _bCambridge Unviersity Press _cc1968 |
||
| 300 | _axxviii, 548p.; 20cm. | ||
| 082 |
_a342.42029 _bMAI |
||
| 650 | _aEngland - Constitutional History | ||
| 650 | _aEngland - Constitutional Law - History | ||
| 999 |
_c6697 _d6697 |
||